Crisis de la política económica Argentina (Registro nro. 5255)

Detalles MARC
000 -LEADER
fixed length control field 01081 a2200193 4500
001 - CONTROL NUMBER
control field 53831
005 - DATE AND TIME OF LATEST TRANSACTION
control field 20260407155809.0
008 - FIXED-LENGTH DATA ELEMENTS--GENERAL INFORMATION
fixed length control field 260407a1978 arg spa d
003 - CONTROL NUMBER IDENTIFIER
control field AR-UNSa-BCEJYS
040 ## - CATALOGING SOURCE
Original cataloging agency AR-UNSa-BCEJYS
Language of cataloging spa
Transcribing agency AR-UNSa-BCEJYS
080 ## - UNIVERSAL DECIMAL CLASSIFICATION NUMBER
Universal Decimal Classification number 330(82)
Common auxiliary subdivision Economia Argentina
100 1# - MAIN ENTRY--PERSONAL NAME
Personal name Lascano, Marcelo Ramón
245 10 - TITLE STATEMENT
Title Crisis de la política económica Argentina
264 #1 - PRODUCTION, PUBLICATION, DISTRIBUTION, MANUFACTURE, AND COPYRIGHT NOTICE
Place of production, publication, distribution, manufacture Buenos Aires :
Name of producer, publisher, distributor, manufacturer Astrea
Date of production, publication, distribution, manufacture, or copyright notice 1978
300 ## - PHYSICAL DESCRIPTION
Extent 287 p.
Dimensions 20 cm.
505 ## - FORMATTED CONTENTS NOTE
Formatted contents note 1. El antikeynesismo como pretexto para ocultar la realidad económica - 2. Monetarismo o fiscalismo (una falsa alternativa) - 3. La estructura del gasto público nacional,el crecimiento económico y la estabilidad monetaria - 4. La presión fiscal sobre el factor tierra.Su inoperancia - 5. La incidencia económica y financiera de ciertos incentivos a la exportación - 6. Mercados de títulos públicos y política monetaria - 7. La inflación condicionada por la dependencia - 8. Presupuestos básicos y proposiciones para la transformación
590 ## - LOCAL NOTE (RLIN)
Local note niveau_biblio:m niveau_hierar:0
942 ## - ADDED ENTRY ELEMENTS (KOHA)
Koha item type
Existencias
Withdrawn status Lost status Damaged status Not for loan Home library Current library Shelving location Date acquired Total checkouts Full call number Barcode Date last seen Price effective from Koha item type
        Biblioteca Prof. Eusebio Cleto del Rey Biblioteca Prof. Eusebio Cleto del Rey   07/04/2026   330(82) L341 L33497 07/04/2026 07/04/2026 Libro